Introduction to information retrieval / (رقم التسجيلة. 21688)
[ عرض عادي ]
| 000 -الفاتح | |
|---|---|
| حقل البيانات ثابتة الطول | 01719cam a2200385 a 4500 |
| 001 - رقم الضبط | |
| رقم الضبط | 15134372 |
| 003 - محدد رقم الضبط | |
| رقم الضبط | OSt |
| 005 - وقت وتاريخ اخر تعامل مع التسجيلة | |
| رقم الضبط | 20150408114017.0 |
| 008 - عناصر البيانات ثابتة الطول - معلومات عامة | |
| حقل البيانات ثابتة الطول | 080110s2008 nyua b 001 0 eng |
| 010 ## - رقم ضبط مكتبة الكونجرس | |
| رقم ضبط مكتبة الكونجرس | 2008001257 |
| 020 ## - الرقم الدولى المعيارى للكتب | |
| الرقم الدولى المعيارى للكتاب | 9780521865715 (hardback) |
| 020 ## - الرقم الدولى المعيارى للكتب | |
| الرقم الدولى المعيارى للكتاب | 0521865719 (hardback) |
| 035 ## - رقم ضبط النظام | |
| رقم ضبط النظام | (OCoLC)ocn190786122 |
| 035 ## - رقم ضبط النظام | |
| رقم ضبط النظام | (OCoLC)190786122 |
| رقم الضبط الملغى والمتاح | (OCoLC)171110570 |
| 040 ## - مصدر الفهرسة | |
| وكالة الفهرسة الأصلية | DLC |
| وكالة النسخ | DLC |
| وكالة التعديل | YDX |
| -- | BAKER |
| -- | YDXCP |
| -- | BTCTA |
| -- | OCL |
| -- | BWX |
| -- | DLC |
| 050 00 - رقم طلب مكتبة الكونجرس | |
| رقم التصنيف | QA76.9.T48 |
| رقم المادة | M26 2008 |
| 082 00 - رقم تصنيف ديوى العشرى | |
| رقم التصنيف | 025.04 |
| رقم الطبعة | 22 |
| 100 1# - المدخل الرئيسى - إسم شخصى | |
| الإسم الشخصى | Manning, Christopher D. |
| 9 (RLIN) | 13233 |
| 245 10 - بيان العنوان | |
| العنوان | Introduction to information retrieval / |
| بيان المسئوليه,etc | Christopher D. Manning, Prabhakar Raghavan, Hinrich Schütze. |
| 260 ## - PUBLICATION, DISTRIBUTION, ETC. (IMPRINT) | |
| مكان الناشر او الموزع | New York : |
| اسم الناشر او الموزع | Cambridge University Press, |
| تاريخ النشر أو التوزيع | 2008. |
| 300 ## - الوصف المادى | |
| التعداد | xxi, 482 p. : |
| تفاصيل ماديه اخرى للوعاء | ill. ; |
| أبعاد الوعاء | 27 cm. |
| 504 ## - تبصرة ببليوجرافية | |
| تبصرة ببليوجرافية,الخ | Includes bibliographical references (p. 441-468) and index. |
| 650 #0 - المدخل الاضافى بالموضوع-مصطلح موضوعى | |
| مصطلح موضوعي أو اسم جغرافي كعنصر مدخل | Text processing (Computer science) |
| 9 (RLIN) | 13234 |
| 650 #0 - المدخل الاضافى بالموضوع-مصطلح موضوعى | |
| مصطلح موضوعي أو اسم جغرافي كعنصر مدخل | Information retrieval. |
| 9 (RLIN) | 10437 |
| 650 #0 - المدخل الاضافى بالموضوع-مصطلح موضوعى | |
| مصطلح موضوعي أو اسم جغرافي كعنصر مدخل | Document clustering. |
| 9 (RLIN) | 13235 |
| 650 #0 - المدخل الاضافى بالموضوع-مصطلح موضوعى | |
| مصطلح موضوعي أو اسم جغرافي كعنصر مدخل | Semantic Web. |
| 9 (RLIN) | 3673 |
| 700 1# - المدخل الاضافى - اسم شخصى | |
| الإسم الشخصى | Raghavan, Prabhakar. |
| 9 (RLIN) | 13236 |
| 700 1# - المدخل الاضافى - اسم شخصى | |
| الإسم الشخصى | Schütze, Hinrich. |
| 9 (RLIN) | 13237 |
| 856 42 - الوصول و الموقع الالكترونى | |
| مواد محددة | Contributor biographical information |
| معرف المصدر الموحد | <a href="http://www.loc.gov/catdir/enhancements/fy0810/2008001257-b.html">http://www.loc.gov/catdir/enhancements/fy0810/2008001257-b.html</a> |
| 856 42 - الوصول و الموقع الالكترونى | |
| مواد محددة | Publisher description |
| معرف المصدر الموحد | <a href="http://www.loc.gov/catdir/enhancements/fy0810/2008001257-d.html">http://www.loc.gov/catdir/enhancements/fy0810/2008001257-d.html</a> |
| 856 41 - الوصول و الموقع الالكترونى | |
| مواد محددة | Table of contents only |
| معرف المصدر الموحد | <a href="http://www.loc.gov/catdir/enhancements/fy0810/2008001257-t.html">http://www.loc.gov/catdir/enhancements/fy0810/2008001257-t.html</a> |
| 856 42 - الوصول و الموقع الالكترونى | |
| مواد محددة | Companion web site |
| معرف المصدر الموحد | <a href="http://www-csli.stanford.edu/~hinrich/information-retrieval-book.html">http://www-csli.stanford.edu/~hinrich/information-retrieval-book.html</a> |
| 942 ## - عناصر المدخل الإضافي( كوها) | |
| مصدر التصنيف او مخطط الترفيف | Dewey Decimal Classification |
| Koha [default] item type | كتاب |
| حالة الفقد | نموذج السعر الفعال | حالة تلف | ليس للاعارة | رقم الطلب | تاريخ الاكتساب | الموقع الحالي | الباركود | الفرع الرئيسي | Date last seen | نوع المادة فى نظام كوها | مصدر التصنيف او خطة الترفيف | Total Checkouts | Date last checked out |
|---|---|---|---|---|---|---|---|---|---|---|---|---|---|
| 2013-03-10 | 025.04 M C I | 2012-05-10 | المكتبة المركزية بالمجمعة (CL) | 00086149 | المكتبة المركزية بالمجمعة (CL) | 2013-03-10 | كتاب | Dewey Decimal Classification | |||||
| 2013-03-10 | 025.04 M C I | 2012-05-10 | المكتبة المركزية بالمجمعة (CL) | 00086150 | المكتبة المركزية بالمجمعة (CL) | 2014-12-14 | كتاب | Dewey Decimal Classification | 1 | 2014-10-20 | |||
| 2013-03-10 | 025.04 M C I | 2012-05-31 | قسم الاجراءات الفنية (IC) | 00087208 | قسم الاجراءات الفنية (IC) | 2013-03-10 | كتاب | Dewey Decimal Classification | |||||
| 2013-03-10 | 025.04 M C I | 2012-05-31 | قسم الاجراءات الفنية (IC) | 00087209 | قسم الاجراءات الفنية (IC) | 2013-03-10 | كتاب | Dewey Decimal Classification | |||||
| 2013-03-10 | 025.04 M C I | 2012-05-31 | قسم الاجراءات الفنية (IC) | 00087210 | قسم الاجراءات الفنية (IC) | 2013-03-10 | كتاب | Dewey Decimal Classification | |||||
| 2013-03-10 | 025.04 M C I | 2012-06-02 | مكتبة كلية التربية بالزلفى - طالبات (EZF) | 00087512 | مكتبة كلية التربية بالزلفى - طالبات (EZF) | 2013-03-10 | كتاب | Dewey Decimal Classification | |||||
| 2013-03-10 | 025.04 M C I | 2012-06-02 | مكتبة كلية التربية بالزلفى - طالبات (EZF) | 00087513 | مكتبة كلية التربية بالزلفى - طالبات (EZF) | 2013-03-10 | كتاب | Dewey Decimal Classification | |||||
| 2013-03-10 | 025.04 M C I | 2012-05-20 | مكتبة مجمع الطالبات بالمجمعة (EMF) | 00087741 | مكتبة مجمع الطالبات بالمجمعة (EMF) | 2013-03-10 | كتاب | Dewey Decimal Classification | |||||
| 2013-03-10 | 025.04 M C I | 2012-05-20 | مكتبة مجمع الطالبات بالمجمعة (EMF) | 00087742 | مكتبة مجمع الطالبات بالمجمعة (EMF) | 2013-03-10 | كتاب | Dewey Decimal Classification | |||||
| 2013-03-10 | 025.04 M C I | 2012-06-01 | مكتبة مجمع الكليات بالزلفى - طلاب (SZM) | 00086355 | مكتبة مجمع الكليات بالزلفى - طلاب (SZM) | 2013-03-10 | كتاب | Dewey Decimal Classification | |||||
| 2013-03-10 | 025.04 M C I | 2012-06-01 | مكتبة مجمع الكليات بالزلفى - طلاب (SZM) | 00086356 | مكتبة مجمع الكليات بالزلفى - طلاب (SZM) | 2013-03-10 | كتاب | Dewey Decimal Classification |
